Loading...
| Literature - American | 0 | 4 | 0 | 0 | 40 | 82 | 111.25 | 0 | 3 | 0.00 | 0.00 |
| Literature - British | 0 | 3 | 0 | 1 | 30 | 49 | 100.33 | 0 | 3 | 0.00 | 0.00 |
| Fine Arts - Other | 0 | 2 | 0 | 0 | 20 | 52 | 84.00 | 0 | 1 | 0.00 | 0.00 |
| Philosophy | 0 | 2 | 0 | 0 | 20 | 60 | 107.50 | 1 | 2 | 0.00 | 0.00 |
| Literature - European | 0 | 2 | 1 | 0 | 15 | 81 | 112.50 | 0 | 2 | 0.00 | 0.00 |
| Current Events | 0 | 1 | 0 | 0 | 10 | 98 | 98.00 | 0 | 1 | 0.00 | 0.00 |
| Fine Arts - Painting and Sculpture | 0 | 2 | 2 | 0 | 10 | 121 | 126.50 | 0 | 1 | 0.00 | 0.00 |
| History - European | 0 | 1 | 0 | 0 | 10 | 100 | 100.00 | 0 | 1 | 0.00 | 0.00 |
| Religion | 0 | 1 | 0 | 1 | 10 | 125 | 125.00 | 0 | 1 | 0.00 | 0.00 |
| History - Other | 0 | 1 | 1 | 0 | 5 | 106 | 106.00 | 1 | 1 | 0.00 | 0.00 |
| History - American | 0 | 1 | 1 | 1 | 5 | 129 | 129.00 | 0 | 1 | 0.00 | 0.00 |
| Literature - World | 0 | 2 | 3 | 0 | 5 | 48 | 78.00 | 1 | 2 | 0.00 | 0.00 |
| History - World | 0 | 1 | 1 | 1 | 5 | 148 | 148.00 | 1 | 1 | 0.00 | 0.00 |
| Science - Other | 0 | 0 | 0 | 0 | 0 | 0.00 | 0 | 0 | 0.00 | 0.00 | |
| Mythology | 0 | 0 | 0 | 0 | 0 | 0.00 | 0 | 0 | 0.00 | 0.00 | |
| Fine Arts - Classical Music | 0 | 0 | 1 | 0 | -5 | 0.00 | 0 | 0 | 0.00 | 0.00 | |
| Social Science | 0 | 0 | 2 | 0 | -10 | 0.00 | 0 | 0 | 0.00 | 0.00 |